Statystyki dla Oscar - drugoplanowa rola kobieca

Kliknij tutaj aby rozwiązać quiz!

Ogólne statystyki

  • Ten quiz został rozwiązany 48 razy
  • Średni wynik to 28 z 85

Statystyki odpowiedzi

RokAktorkaFilm% Poprawnych
1979Meryl StreepSprawa Kramerów
85%
1999Angelina JoliePrzerwana lekcja muzyki
75%
2004Cate BlanchettAviator
75%
2008Penelope CruzVicky Cristina Barcelona
75%
2003Renee ZellwegerWzgórze nadziei
75%
1990Whoopi GoldbergUwierz w ducha
75%
2002Catherine Zeta-JonesChicago
70%
1988Geena DavisPrzypadkowy turysta
70%
1998Judi DenchZakochany Szekspir
70%
2016Viola DavisPłoty
65%
2015Alicia VikanderDziewczyna z portretu
60%
2012Anne HathawayNędznicy
60%
2019Laura DernHistoria małżeńska
60%
1978Maggie SmithSuita kalifornijska
60%
1993Anna PaquinFortepian
55%
1982Jessica LangeTootsie
55%
1997Kim BasingerTajemnice Los Angeles
55%
1983Linda HuntRok niebezpiecznego życia
55%
2011Octavia SpencerSłużące
55%
2014Patricia ArquetteBoyhood
55%
2001Jennifer ConnellyPiękny umysł
50%
2005Rachel WeiszWierny ogrodnik
50%
1996Juliette BinocheAngielski pacjent
45%
2018Regina KingGdyby ulica Beale umiała mówić
45%
2007Tilda SwintonMichael Clayton
45%
2017Allison JanneyJestem najlepsza
40%
1985Anjelica HustonHonor Prizzich
40%
1974Ingrid BergmanMorderstwo w Orient Expressie
40%
2006Jennifer HudsonDreamgirls
40%
2013Lupita Nyong'oZniewolony
40%
1992Marisa TomeiMój kuzyn Vinny
40%
1994Dianne WiestStrzały na Broadwayu
35%
1986Dianne WiestHannah i jej siostry
35%
1951Kim HunterTramwaj zwany pożądaniem
35%
2000Marcia Gay HardenPollock
35%
2010Melissa LeoFighter
35%
2009Mo'NiqueHej, skarbie
35%
1987Olympia DukakisWpływ księżyca
35%
1960Shirley JonesElmer Gantry
35%
1989Brenda FrickerMoja lewa stopa
30%
1969Goldie HawnKwiat kaktusa
30%
1970Helen HayesPort lotniczy
30%
1991Mercedes RuehlFisher King
30%
1995Mira SorvinoJej wysokość Afrodyta
30%
1961Rita MorenoWest Side Story
30%
1973Tatum O'NealPapierowy księżyc
30%
1964Lila KedrovaGrek Zorba
25%
1980Mary SteenburgenMelvin i Howard
25%
1981Maureen StapletonCzerwoni
25%
1957Miyoshi UmekiSayonara
25%
1968Ruth GordonDziecko Rosemary
25%
1977Vanessa RedgraveJulia
25%
1984Peggy AshcroftPodróż do Indii
20%
1976Beatrice StraightSieć
15%
1971Cloris LeachmanOstatni seans filmowy
15%
1967Estelle ParsonsBonnie i Clyde
15%
1939Hattie McDanielPrzeminęło z wiatrem
15%
1975Lee GrantSzampon
15%
1949Mercedes McCambridgeGubernator
15%
1966Sandy DennisKto się boi Virginii Woolf?
15%
1958Wendy HillerOsobne stoliki
15%
2020/2021Yuh-jung YoungMinari
15%
1946Anne BaxterOstrze brzytwy
10%
1945Anne RevereWielka nagroda
10%
1948Claire TrevorKey Largo
10%
1956Dorothy MalonePisane na wietrze
10%
1972Eileen HeckartMotyle są wolne
10%
1944Ethel BarrymoreNic oprócz samotnego serca
10%
1954Eva Marie SaintNa nadbrzeżach
10%
1938Fay BainterJezebel
10%
1936Gale SondergaardAnthony Adverse
10%
1940Jane DarwellGrona gniewu
10%
1950Josephine HullHarvey
10%
1955Jo Van FleetNa wschód od Edenu
10%
1943Katina PaxinouKomu bije dzwon
10%
1963Margaret RutherfordZ życia VIP'ów
10%
1962Patty DukeCudotwórczyni
10%
1942Teresa WrightPani Miniver
10%
1937Alice BradyW starym Chicago
5%
1947Celeste HolmDżentelmeńska umowa
5%
1953Donna ReedStąd do wieczności
5%
1952Gloria GrahamePiękny i zły
5%
1941Mary AstorWielkie kłamstwo
5%
1959Shelley WintersPamiętnik Anny Frank
5%
1965Shelley WintersW cieniu dobrego drzewa
5%

Rozkład punktacji

Percentyl według liczby udzielonych odpowiedzi

Procent ludzi z każdym wynikiem

Twoja historia wyników

Nie rozwiązałeś tego quizu